| 000 | 00309nam a22001097a 4500 | ||
|---|---|---|---|
| 008 | 140211t xxu||||| |||| 00| 0 eng d | ||
| 100 |
_aSunil K. Lal _9705 |
||
| 245 |
_aIssues in infectious diseases _bEmerging viral diseases of southeast asia |
||
| 300 | _axii, 149 p. : | ||
| 440 |
_vvol. 4 _9706 |
||
| 942 |
_2ddc _cBK |
||
| 999 |
_c16964 _d16964 |
||